Solving the housing crisis (Record no. 115626)
[ view plain ]
| 000 -LEADER | |
|---|---|
| fixed length control field | 00978cad a22002175a 4500 |
| 001 - CONTROL NUMBER | |
| control field | L159011 |
| 008 - FIXED-LENGTH DATA ELEMENTS--GENERAL INFORMATION | |
| fixed length control field | 110118s2015 xxk f 000 0 eng d |
| 035 ## - SYSTEM CONTROL NUMBER | |
| System control number | (Sirsi) u159011 |
| 041 0# - LANGUAGE CODE | |
| Language code of text/sound track or separate title | eng |
| 110 2# - MAIN ENTRY--CORPORATE NAME | |
| Corporate name or jurisdiction name as entry element | Arcadis |
| 9 (RLIN) | 6166 |
| 245 00 - TITLE STATEMENT | |
| Title | Solving the housing crisis |
| Remainder of title | the big idea |
| Medium | [electronic resource] |
| 260 ## - PUBLICATION, DISTRIBUTION, ETC. | |
| Place of publication, distribution, etc. | [S.l.] |
| Name of publisher, distributor, etc. | Arcadis |
| Date of publication, distribution, etc. | 2015 |
| 520 ## - SUMMARY, ETC. | |
| Summary, etc. | Proposes creation of a National Housing Service to tackle the housing crisis. The report sets out a 14-step plan of action with the idea of a politically neutral, independent delivery agency at the centre of its recommendations. |
| 590 ## - LOCAL NOTE (RLIN) | |
| Local note | KA |
| 650 24 - SUBJECT ADDED ENTRY--TOPICAL TERM | |
| Topical term or geographic name entry element | HOUSING |
| 651 #4 - SUBJECT ADDED ENTRY--GEOGRAPHIC NAME | |
| Geographic name | United Kingdom |
| 690 24 - LOCAL SUBJECT ADDED ENTRY--TOPICAL TERM (OCLC, RLIN) | |
| Topical term or geographic name as entry element | Planning and development |
| 9 (RLIN) | 6259 |
| 690 ## - LOCAL SUBJECT ADDED ENTRY--TOPICAL TERM (OCLC, RLIN) | |
| Topical term or geographic name as entry element | Residential property |
| 9 (RLIN) | 6266 |
| 856 40 - ELECTRONIC LOCATION AND ACCESS | |
| Uniform Resource Identifier | <a href="https://www.arcadis.com/media/1/C/9/%7B1C9A9E28-4AD5-423B-8792-9F6BAA91B994%7D9390_Housing%20Solutions%20_%20THE%20BIG%20IDEA_LR%20SPREADS.pdf">https://www.arcadis.com/media/1/C/9/%7B1C9A9E28-4AD5-423B-8792-9F6BAA91B994%7D9390_Housing%20Solutions%20_%20THE%20BIG%20IDEA_LR%20SPREADS.pdf</a> |
| Public note | View the report free of charge (PDF file) at www.arcadis.com |
| 942 ## - ADDED ENTRY ELEMENTS (KOHA) | |
| Suppress in OPAC | 0 |
| Withdrawn status | Lost status | Source of classification or shelving scheme | Damaged status | Not for loan | Home library | Current library | Shelving location | Date acquired | Total Checkouts | Full call number | Barcode | Date last seen | Copy number | Price effective from | Koha item type |
|---|---|---|---|---|---|---|---|---|---|---|---|---|---|---|---|
| Dewey Decimal Classification | Virtual | Virtual | Online | 08/12/2015 | ONLINE PUBLICATION | 159011-2001 | 06/08/2019 | 1 | 06/08/2019 | Book |